000 00850cam a2200289 4500
001 B3408
008 090401t1990 xxu||||| |||| 00| 0 eng d
035 _a(Sirsi) u55888
041 _aeng
050 _a333.335
090 _aRICS 1990/85ABC
110 _aRoyal Institution of Chartered Surveyors
_bRural Practice Division
_92625
245 4 _aThe members` conference. Birmingham Metropole 18-20 October 1990
260 _c1990
300 _a3 papers
350 _a0
520 _aPapers by Hutton, P. with Leay, M.; Jones, K. and Slatter, B.
650 _aANNUAL CONFERENCE 1990
650 _aFARM MANAGEMENT
650 _aINSTITUTION AND COLLEGE CONFERENCES
650 _aMANAGEMENT PLANS
650 _aMEMBERS CONFERENCE 1990
650 _aNITRATE SENSITIVE AREAS
650 _aNITRATES
942 _n0
948 _c04/03/1997
999 _c93668
_d93668